[Event "EOC-ch Playoff-C 2021"]
[Site "Online"]
[Date "2021.03.29"]
[Round "5.3"]
[White "Socko, Bartosz"]
[Black "Bacrot, Etienne"]
[Result "1/2-1/2"]
[WhiteElo "2618"]
[BlackElo "2678"]
[Annotator "TA"]
[PlyCount "69"]
[EventDate "2021.03.29"]
[EventType "team-tourn"]
[EventCountry "NET"]
[SourceTitle "playchess.com"]
[Source "ChessBase"]
[SourceQuality "1"]

{[%evp 9,69,12,17,6,14,18,6,1,33,29,31,31,39,3,23,17,15,7,10,18,31,37,34,41,31,27,32,31,29,9,42,8,12,0,0,0,0,0,0,0,0,0,0,-8,-8,-22,0,0,0,0,0,0,0,-8,-8,-21,-12,-12,-12,-21,-21,-40]} 1. d4 Nf6 2. c4 e6 3. g3 Bb4+ 4. Bd2 Be7 5. Bg2 d5 6. Qc2 {E00: Catalan Bogo-Indian (3 g3 Bb4+).} O-O 7. Nf3 Nbd7 8. O-O Ne4 9. Nc3 Nxd2 10. Nxd2 c6 11. e4 dxc4 12. Nxc4 Nb6 13. Nxb6 Qxb6 14. Rfd1 Rd8 15. Na4 Qc7 16. e5 Bd7 {[#]} 17. Rac1 $146 ({Predecessor:} 17. Nc5 Be8 18. Rac1 a5 19. Qb3 Bxc5 20. Rxc5 b6 21. Rc3 Rac8 22. f4 Qa7 23. Qc2 {½-½ (74) Handke,F (2533)-Ni,H (2697) Caleta 2016}) 17... Rac8 18. Nc5 Be8 19. b4 a5 20. bxa5 {With the idea Rb1.} (20. b5 {seems wilder.} cxb5 21. Bxb7 Rb8 22. Be4 h6 23. Nb7) 20... Bxc5 {The position is equal.} 21. Qxc5 Ra8 22. Rb1 Qxa5 23. Qxa5 Rxa5 24. Rxb7 Rxa2 25. Rc7 Ra4 26. Rc1 ({But not} 26. Bxc6 $2 Rc4 $19) 26... Raxd4 27. Bxc6 Rd1+ (27... Bxc6 {is interesting.} 28. R1xc6 g5 29. Kg2 R8d5 30. Rc3 Kg7) 28. Rxd1 Rxd1+ 29. Kg2 Bxc6+ 30. Rxc6 $11 {[#] Intending Rc8+ and mate. KR-KR} g5 31. Rc2 Kg7 32. g4 Rd5 33. Re2 Kg6 34. h3 h5 35. Re3 {Weighted Error Value: White=0.07/Black=0.04} 1/2-1/2

[Event "EOC-ch Playoff-C 2021"]
[Site "Online"]
[Date "2021.03.29"]
[Round "5.5"]
[White "Tomashevsky, Evgeny"]
[Black "Adams, Michael"]
[Result "0-1"]
[WhiteElo "2706"]
[BlackElo "2716"]
[Annotator "TA"]
[PlyCount "72"]
[EventDate "2021.03.29"]
[EventType "team-tourn"]
[EventCountry "NET"]
[SourceTitle "playchess.com"]
[Source "ChessBase"]
[SourceQuality "1"]

{[%evp 13,72,-13,-10,-36,-22,-27,-33,-22,-12,-32,-17,-17,-31,-23,-18,-90,-89,-95,-67,-84,-79,-70,-12,-13,-20,-38,-19,-27,0,-17,0,-62,-49,-73,-73,-129,-131,-135,-116,-126,-147,-163,-153,-138,-161,-193,-185,-535,-510,-693,-696,-1229,-1156,-1832,-1718,-29984,-1314,-1138,-798,-29998,-29999]} 1. c4 e5 2. g3 c6 3. Nf3 e4 4. Nd4 d5 5. cxd5 Qxd5 6. Nc2 Nf6 7. Bg2 Qh5 8. Nc3 {A20: English Opening: 1...e5.} Bh3 9. Ne3 Bxg2 10. Nxg2 {Black is slightly better.} Nbd7 11. d4 {[#]} exd3 $146 ({Predecessor:} 11... Bd6 12. Qc2 Qh3 13. Nf4 Bxf4 14. Bxf4 Qe6 15. Bg5 O-O 16. Bxf6 Nxf6 17. O-O-O Rfe8 {1-0 (77) Janoschka,A (2297)-Mueller,F (2307) Kassel 2010}) 12. Qxd3 Bc5 13. Be3 O-O 14. O-O-O {[#]} (14. Rd1 $11) 14... Ne5 $1 $17 15. Qc2 Neg4 $1 {And now ...Bxe3+ would win.} 16. Bxc5 Qxc5 17. e3 Rad8 ({Better is} 17... b5 $15 18. Nf4 b4) 18. h3 Ne5 19. Nf4 g6 20. g4 Nc4 {White should prevent ...Nxe3!} 21. Kb1 b5 22. Nce2 ({White should play} 22. Rxd8 $11 Rxd8 23. Rd1) 22... a5 23. Nd3 Qe7 24. Nd4 ({White should try} 24. Nc3) 24... Rd6 25. Nc5 Rd5 26. Nd3 Rc8 27. Nf4 Rc5 {...Na3+! is the strong threat.} 28. Qe2 {[#]} a4 $1 {[%cal Ba5a4,Ba4a3][%mdl 32]} 29. Rc1 {[#]} Ne4 $1 30. Rc2 $2 (30. Ka1 {is a better chance.}) 30... a3 $19 31. b3 {[#]} Ncd2+ $1 {[%mdl 512]} 32. Kc1 (32. Rxd2 Nc3+) 32... Rxc2+ 33. Nxc2 Qf6 34. Nd3 {[#]} Nxb3+ $1 {[%mdl 512]} 35. axb3 a2 {( -> ...Ra8)} 36. Rd1 Qc3 {[%csl Gc3][%cal Ra2a1] Weighted Error Value: White=1.14/Black=0.29} 0-1

[Event "EOC-ch Playoff-C 2021"]
[Site "Online"]
[Date "2021.03.29"]
[Round "5.6"]
[White "Howell, David W L"]
[Black "Grachev, Boris"]
[Result "1/2-1/2"]
[WhiteElo "2658"]
[BlackElo "2619"]
[Annotator "TA"]
[PlyCount "64"]
[EventDate "2021.03.29"]
[EventType "team-tourn"]
[EventCountry "NET"]
[SourceTitle "playchess.com"]
[Source "ChessBase"]
[SourceQuality "1"]

{[%evp 9,64,15,17,20,13,12,19,14,16,7,7,17,18,8,13,14,39,39,48,35,55,29,27,26,31,27,52,51,39,28,34,27,73,66,70,64,65,62,62,45,93,91,93,80,68,30,30,30,35,28,34,24,24,16,68,46,57]} 1. Nf3 d5 2. g3 c6 3. Bg2 Bg4 4. h3 Bh5 5. O-O Nd7 6. d4 {A07: Réti Opening: New York and Capablanca Systems.} e6 7. c4 Ngf6 8. cxd5 {The position is equal.} exd5 9. Qb3 Qb6 10. Qe3+ Be7 $1 11. Nh4 {[#] And now Nf5! would win.} Bg6 12. Nc3 Kf8 13. Nxg6+ hxg6 14. Qd3 Re8 {[#]} 15. Bf4 $146 ({Predecessor:} 15. Rb1 Kg8 16. b4 a6 17. Re1 Nf8 18. e4 dxe4 19. Nxe4 Nxe4 20. Rxe4 Qd8 21. Qe2 {½-½ (63) Vachier Lagrave,M (2758)-Kramnik,V (2777) Berlin 2015}) 15... Qd8 ({Much worse is} 15... Qxb2 $6 16. Rab1 $16) 16. Rfe1 Kg8 17. a3 Kh7 18. b4 a6 19. Bf3 Nb6 20. h4 Kg8 21. e4 dxe4 22. Nxe4 Nxe4 23. Rxe4 Nd5 24. Bd2 f5 25. Re5 Bf6 26. Rxe8+ Qxe8 27. a4 (27. Bxd5+ $5 cxd5 28. Rc1 $14) 27... Qd7 28. b5 axb5 29. axb5 {next Ra7 is good for White.} Kh7 $1 30. bxc6 bxc6 31. Rc1 Ne7 ({Better is} 31... Rb8 $11) 32. Bb4 Rd8 {Weighted Error Value: White=0.04/Black=0.11} 1/2-1/2

[Event "EOC-ch Playoff-C 2021"]
[Site "Online"]
[Date "2021.03.29"]
[Round "5.9"]
[White "Kovalev, Vladislav"]
[Black "Fedoseev, Vladimir"]
[Result "1-0"]
[WhiteElo "2648"]
[BlackElo "2687"]
[Annotator "TA"]
[PlyCount "121"]
[EventDate "2021.03.29"]
[EventType "team-tourn"]
[EventCountry "NET"]
[SourceTitle "playchess.com"]
[Source "ChessBase"]
[SourceQuality "1"]

{[%evp 9,121,12,25,21,16,20,21,18,54,43,35,51,39,30,45,61,49,58,118,119,130,121,174,165,173,156,187,176,172,205,190,195,190,178,159,163,158,139,147,149,141,145,143,149,131,149,143,152,150,156,204,189,197,206,217,149,158,146,180,183,173,175,202,197,183,192,187,175,207,199,287,281,438,431,609,606,536,322,442,397,397,397,397,221,214,8,8,8,8,8,8,8,2089,606,29965,29966,29969,29964,29963,29963,29964,29965,5406,4610,29977,29978,29978,29979,29980,29981,29985,29986,29986,29987]} 1. e4 c5 2. Nf3 d6 3. Bb5+ Nd7 4. O-O a6 5. Bd3 Ngf6 6. Re1 {B51: Sicilian: Moscow Variation (3 Bb5+) without 3...Bd7.} e6 7. c3 b5 8. a4 {The position is equal.} c4 9. Bf1 Bb7 10. axb5 axb5 11. Rxa8 Qxa8 12. Na3 {[%cal Bb1a3,Ba3b5,Bb5d6][%mdl 32]} Bxe4 13. Nxb5 Qc8 {[#]} (13... Bxf3 $14 14. gxf3 Qc6) 14. d3 $146 ({Predecessor:} 14. Qa4 Bxf3 15. gxf3 d5 16. b3 cxb3 17. Ba3 Be7 18. Nd6+ Bxd6 19. Bxd6 Ng8 20. Rb1 {1-0 (34) Benitez Lozano,J (2270)-Ruiz Sanchez,O (2455) Leon 2017}) 14... cxd3 15. Bxd3 d5 (15... Bxf3 $16 {might work better.} 16. Qxf3 Ne5) 16. Bf4 $18 Be7 {[#]} 17. Nd6+ $1 Bxd6 18. Bxd6 Bxd3 19. Qxd3 Ne4 20. Ba3 f5 21. Nd4 Kf7 22. f3 Nec5 23. Qe2 {[%cal Rd4e6]} Re8 24. c4 dxc4 25. Qxc4 Qa6 26. Nxf5 Qxc4 27. Nd6+ {[%mdl 64] Double Attack} Kf6 {Strongly threatening ...Qd4+.} 28. Nxc4 Nb3 29. Bb4 g6 30. Nd6 Rb8 31. Ne4+ Kf7 32. Bc3 {Threatens to win with Ng5+.} h6 33. Kf2 Nb6 34. Be5 Ra8 35. Re3 Nc4 36. Nd6+ Nxd6 37. Rxb3 {[%mdl 4096] Endgame KRB-KRN} Ra6 38. g4 g5 39. Rb8 Ne8 (39... Rc6 $142 40. Kg3 Ke7) 40. Rb7+ Kg6 (40... Kg8 $142 41. Kg3 Ra5) 41. b4 {[%cal Bb2b4,Bb4b5][%mdl 32]} Nf6 (41... Ra2+ $142 42. Kf1 Ra3) 42. b5 Ra2+ 43. Ke3 h5 44. Bxf6 Kxf6 45. gxh5 Rxh2 {KR-KR} 46. b6 {Black must now prevent Ra7.} Rxh5 {[#]} 47. Rc7 $2 ({White has to play} 47. Rb8 $1 $18 {Threatening mate with b7.} Ke5 48. Rg8) 47... Rh1 48. Kd4 {And now Rc4 would win.} Rb1 49. b7 {aiming for Kc5.} Kf5 50. Kc5 {Kc6 is the strong threat.} Kf4 $2 {[%mdl 8192] Loses the game.} (50... g4 $11) 51. Rf7+ Kg3 52. Kc6 e5 53. Rf5 Rc1+ 54. Kd6 Rb1 55. Kc7 Rc1+ 56. Kb8 g4 57. fxg4 {White mates.} e4 58. Ka7 Kxg4 59. Re5 Ra1+ 60. Kb6 Rb1+ 61. Rb5 {Weighted Error Value: White=0.11/Black=0.41} 1-0

[Event "EOC-ch Playoff-C 2021"]
[Site "Online"]
[Date "2021.03.29"]
[Round "5.11"]
[White "Zhigalko, Andrey"]
[Black "Esipenko, Andrey"]
[Result "1/2-1/2"]
[WhiteElo "2517"]
[BlackElo "2677"]
[Annotator "TA"]
[PlyCount "63"]
[EventDate "2021.03.29"]
[EventType "team-tourn"]
[EventCountry "NET"]
[SourceTitle "playchess.com"]
[Source "ChessBase"]
[SourceQuality "1"]

{[%evp 12,63,16,5,14,-21,4,-7,0,0,0,-1,0,0,3,6,4,4,20,6,14,16,54,0,0,0,0,0,0,0,0,0,0,0,0,0,0,0,0,0,0,0,0,0,0,0,0,0,0,0,0,0,0,0]} 1. e4 e5 2. Nf3 Nf6 3. Nxe5 d6 4. Nf3 Nxe4 5. d3 Nf6 6. d4 d5 7. h3 Bd6 {C01: French: Exchange Variation.} 8. c4 c6 9. Bd3 O-O 10. O-O dxc4 11. Bxc4 Nbd7 12. Nc3 Nb6 13. Bb3 Nfd5 14. Re1 Bf5 15. Ne5 Bxe5 16. Rxe5 {[#]} Bg6 $146 ({Predecessor:} 16... Qd7 17. Qf3 Be6 18. Ne4 Rae8 19. a4 Ne7 20. Nf6+ gxf6 21. Qxf6 Qd8 22. Rxe6 Nbd5 23. Qg5+ Kh8 24. Re1 Rg8 {1-0 (44) Carlsen,M (2832)-Jobava,B (2707) Leuven 2017}) 17. Qe2 (17. Nxd5 $14 cxd5 18. Qf3) 17... f6 $11 {The position is equal.} 18. Nxd5 Nxd5 19. Bxd5+ cxd5 20. Re7 Rf7 21. Rxf7 Bxf7 22. Bf4 Qd7 23. Rc1 Rc8 24. Rxc8+ Qxc8 25. Qe7 a6 (25... h6 {with more complications.} 26. Qd6 a6 27. Be3 Kh7 28. Kh2 Be6) 26. Qc7 (26. f3 {feels hotter.} h6 27. Bc7 Qe8 28. Qxe8+ Bxe8 29. Kf2) 26... Qxc7 27. Bxc7 {KB-KB} Be8 28. f3 Kf7 29. Kf2 g5 30. g4 Kg6 31. Kg3 h5 32. h4 {An uneventful encounter.  Weighted Error Value: White=0.05/Black=0.04} 1/2-1/2

[Event "EOC-ch Playoff-C 2021"]
[Site "Online"]
[Date "2021.03.29"]
[Round "5.12"]
[White "Shimanov, Aleksandr"]
[Black "Kazakouski, Valery"]
[Result "1-0"]
[WhiteElo "2597"]
[BlackElo "2476"]
[Annotator "ChessBase"]
[PlyCount "91"]
[EventDate "2021.03.29"]
[EventType "team-tourn"]
[EventCountry "NET"]
[SourceTitle "playchess.com"]
[Source "ChessBase"]
[SourceQuality "1"]
[TimeControl "900+5"]

1. e4 {[%emt 0:00:00]} c5 {[%emt 0:00:02]} 2. Nc3 {[%emt 0:00:05]} a6 {[%emt 0:00:06]} 3. d4 {[%emt 0:00:06]} cxd4 {[%emt 0:00:04]} 4. Qxd4 {[%emt 0:00:01]} Nc6 {[%emt 0:00:02]} 5. Qe3 {[%emt 0:00:02]} g6 {[%emt 0:00:12]} 6. Bd2 {[%emt 0:00:03]} Bg7 {[%emt 0:00:03]} 7. O-O-O {[%emt 0:00:03]} d6 {[%emt 0:00:08]} 8. Nd5 {[%emt 0:00:03]} Nf6 {[%emt 0:01:31]} 9. Bc3 {[%emt 0:00:03]} Ng4 {[%emt 0:03:02]} 10. Qd2 {[%emt 0:01:09]} Bxc3 {[%emt 0:00:04]} 11. Qxc3 {[%emt 0:00:03]} e5 {[%emt 0:00:39]} 12. Qg3 {[%emt 0:02:27]} Nf6 {[%emt 0:02:19]} 13. Nxf6+ {[%emt 0:00:14]} Qxf6 {[%emt 0:00:00]} 14. Bc4 {[%emt 0:00:05]} Be6 {[%emt 0:00:03]} 15. Bxe6 {[%emt 0:02:50]} Qxe6 {[%emt 0:00:00]} 16. Kb1 {[%emt 0:00:01]} Rd8 {[%emt 0:01:24]} 17. Ne2 {[%emt 0:02:06]} d5 {[%emt 0:00:31]} 18. Qb3 {[%emt 0:00:34]} d4 {[%emt 0:00:35]} 19. Qxe6+ {[%emt 0:00:54]} fxe6 {[%emt 0:00:00]} 20. Nc1 {[%emt 0:00:01]} Nb8 {[%emt 0:00:54]} 21. Nd3 {[%emt 0:00:42]} Nd7 {[%emt 0:00:02]} 22. h4 {[%emt 0:00:37]} Ke7 {[%emt 0:00:19]} 23. f3 {[%emt 0:00:04]} Rc8 {[%emt 0:00:14]} 24. Rh3 {[%emt 0:00:37]} Rhg8 {[%emt 0:00:09]} 25. Rg3 {[%emt 0:00:06]} Rcf8 {[%emt 0:00:26]} 26. Rc1 {[%emt 0:00:21]} Rc8 {[%emt 0:00:04]} 27. Rh1 {[%emt 0:00:24]} Rcf8 {[%emt 0:00:10]} 28. Kc1 {[%emt 0:00:05]} Rc8 {[%emt 0:00:07]} 29. Kd2 {[%emt 0:00:03]} Rcf8 {[%emt 0:00:03]} 30. c3 {[%emt 0:00:36]} dxc3+ {[%emt 0:00:03]} 31. Kxc3 {[%emt 0:00:03]} Rc8+ {[%emt 0:00:02]} 32. Kd2 {[%emt 0:00:11]} Rgd8 {[%emt 0:00:55]} 33. Ke3 {[%emt 0:00:26]} Nf6 {[%emt 0:00:44]} 34. Rg5 {[%emt 0:00:04]} Rc2 {[%emt 0:01:13]} 35. Rxe5 {[%emt 0:00:03]} Nh5 {[%emt 0:00:15]} 36. g4 {[%emt 0:00:42]} Ng3 {[%emt 0:00:03]} 37. Re1 {[%emt 0:00:18]} Kf6 {[%emt 0:00:42]} 38. Ra5 {[%emt 0:00:18]} Rh2 {[%emt 0:00:13]} 39. Rc5 {[%emt 0:00:42]} Rd7 {[%emt 0:00:14]} 40. Ne5 {[%emt 0:00:26]} Rdd2 {[%emt 0:00:15]} 41. g5+ {[%emt 0:00:02]} Ke7 {[%emt 0:00:15]} 42. Rc7+ {[%emt 0:00:02]} Ke8 {[%emt 0:00:01]} 43. Rxh7 {[%emt 0:00:13]} Rxb2 {[%emt 0:00:15]} 44. Nxg6 {[%emt 0:00:11]} Rxa2 {[%emt 0:00:03]} 45. Rd1 {[%emt 0:00:10]} Rhe2+ {[%emt 0:00:14]} 46. Kf4 {[%emt 0:00:02]} 1-0